000 00339cam a2200145ua 4500
041 _aeng
_h
082 _a828.09
_bCON/WI
100 _aConnel, John .
245 _aWinston Churchill /
_cJohn connel.
_hTextual Documents
260 _aLondon :
_bLongman ,
_c1956.
300 _a43 ; .
504 _a
942 _cBK
999 _c3615
_d3615